Loading...
Oncogene and tumour suppressor gene : facts book
| Main Author: | |
|---|---|
| Format: | Printed Book |
| Published: |
San Diego
Academic Press
1997
|
| Edition: | 2nd ed. |
| Subjects: |
| LEADER | 00511cam a2200169ua 4500 | ||
|---|---|---|---|
| 082 | |a 616.992 071 |b HES/O | ||
| 100 | 0 | |a Hesketh, Robin | |
| 245 | 1 | 0 | |a Oncogene and tumour suppressor gene : facts book |
| 250 | |a 2nd ed. | ||
| 260 | |a San Diego |b Academic Press |c 1997 | ||
| 300 | |a xiv,549p. | ||
| 650 | |a Medicine | ||
| 650 | 0 | |a Pathology | |
| 650 | 0 | |a Tumour | |
| 942 | |c REF | ||
| 999 | |c 1686 |d 1686 | ||
| 952 | |0 0 |1 0 |4 0 |6 616_992000000000000_071_HESO |7 0 |9 1752 |a KUCL |b KUCL |d 2014-05-23 |l 0 |o 616.992 071 HES/O |p 04808 |r 2017-03-09 |y REF | ||